আমার বন্ধু রাশেদ /

Bibliographic Details
Main Author: ইকবাল, মুহম্মদ জাফর
Format: Book
Language:Bengali
Published: ঢাকা : কাকলী প্রকাশনী, ১৯৯৪ [তেতাল্লিশতম মুদ্রণ ২০২২].
Subjects:
Classic Catalogue: View this record in Classic Catalogue
LEADER 01441nam a22002777a 4500
001 34842
003 BD-DhAAL
005 20250826125254.0
008 190722r20221994bg ||||| |||| 00| 1 ben d
020 |a 9789849224655 
040 |a BD-DhAAL  |c BD-DhAAL 
041 |a ben 
082 |a 891.44371  |2 23 
100 |a ইকবাল, মুহম্মদ জাফর.  |9 33012 
245 |a আমার বন্ধু রাশেদ /  |c মুহম্মদ জাফর ইকবাল. 
260 |a ঢাকা :  |b কাকলী প্রকাশনী,  |c ১৯৯৪ [তেতাল্লিশতম মুদ্রণ ২০২২]. 
300 |a ১১০ পৃষ্ঠা,  |a ১৫১ পৃষ্ঠা ;  |c ২২ সে.মি. 
526 |a Residential Campus GenEd (Residential Campus) 
541 |a Development Book Agency  |e 34842, 40707 
650 |a Bengali fiction  |z Bangladesh.  |9 33013 
650 |a Bengali Literature. 
852 |a Savar Campus Library  |c General Stacks 
942 |2 ddc  |c BK 
999 |c 40925  |d 40925 
952 |0 0  |1 0  |2 ddc  |4 0  |6 891_443710000000000_IQB  |7 0  |9 65689  |a SCL  |b SCL  |c GEN  |d 2019-07-17  |e Development Book Agency  |g 149.00  |l 3  |m 3  |o 891.44371 IQB  |p 3020034842  |r 2024-06-05  |s 2024-05-28  |t 1  |v 149.00  |w 2019-07-17  |y BK 
952 |0 0  |1 0  |2 ddc  |4 0  |6 891_443710000000000_IQB  |7 0  |9 72875  |a SCL  |b SCL  |c GEN  |d 2023-01-15  |e Development Book Agency  |g 213.00  |l 2  |m 1  |o 891.44371 IQB  |p 3020040707  |r 2026-02-08  |s 2026-02-01  |t 2  |v 213.00  |w 2023-01-15  |y BK  |z 2